000 00432nam a22001817a 4500
003 MPLRDC
005 20220104193010.0
008 210129b ||||| |||| 00| 0 eng d
020 _a978-988-219-409-0
082 _a848.3 LBH-76
100 _a李碧华
245 _a细腰
_c
250 _a再版
260 _a香港
_b天地图书有限公司
_c2011
300 _b
650 _a现代别集
942 _cBK
_o848.3 LBH-76
999 _c64974
_d64964